000 01280nam a22003737a 4500
003 CHAP
005 20220329141650.0
008 971013s1956 r 00010 d
010 _a71857
011 _a72829
035 _a82385
040 _cCHAP
090 _aTesis
100 0 0 _aAguilar Yépez, Samuel.
_92880
245 _aEfectos del nitrógeno (NH4)2SO4 en el rendimiento y calidad del trigo en Michoacán y Guanajuato
260 _aChapingo, Méx. :
_bEl autor,
_c1956
300 _a46 h.
_b: ilus.
502 _aTesis (Ing. Agr. Esp. en Fitotecnia) -- ENA. Departamento de Fitotecnia
590 _aALEPH
_b10
_c20130110
_lUCH01
_h1412
590 _aBATCH-UPD
_b10
_c20130110
_lUCH01
_h0552
590 _aBATCH-UPD
_b10
_c20130110
_lUCH01
_h2304
590 _aBATCH-UPD
_b10
_c20130410
_lUCH01
_h0233
590 _aBATCH-UPD
_b10
_c20130913
_lUCH01
_h2314
590 _aCONVERSION
_b10
_c20130109
_lUCH01
_h1339
650 1 4 _aFertilizantes para trigo.
_940641
650 1 4 _aNitrógeno en plantas.
_981476
650 1 4 _aTrigo
_xGuanajuato.
_9115035
650 1 4 _aTrigo
_xMichoacán.
_9115062
901 _aBK
942 _cFOLL
949 _bBC
_cTES
_d-36424
_eTS1
_i82385
_si
949 _bBC
_cTES
_d-36425
_eTS2
_fc.2
_i82385
_si
949 _bBC
_cTES
_d-36426
_eTS2
_fc.3
_i82385
_si
999 _c71857
_d71857